| 000 | nam a22 7a 4500 | ||
|---|---|---|---|
| 999 |
_c29016 _d29016 |
||
| 008 | 170926b xxu||||| |||| 00| 0 eng d | ||
| 020 | _a9789966252703 | ||
| 050 | _aBV 1470 .L48 2008 | ||
| 100 |
_aLevi,Levera. _d2008. |
||
| 245 |
_aTogether in Christ: _bC.R.E for secondary school form 2. _cLevera Levi. |
||
| 260 |
_aNairobi: _bEast African Educational publishers, _c2008. |
||
| 300 |
_a103p;ill _c25cm |
||
| 942 |
_2lcc _cAFRICANA _hBV 1470 .L48 2008 _08 |
||